U.S. Cities Without a Major 4 Sports Team - Statistics

General Stats
  • This quiz has been taken 1,347 times
  • The average score is 16 of 20
Answer Stats
Population State City % Correct
2,550,000 Texas Austin
95%
810,000 Hawaii Honolulu
91%
1,110,000 New Mexico Albuquerque
90%
1,583,000 Rhode Island Providence
87%
1,112,000 Kentucky Louisville
86%
990,000 Virginia Richmond
84%
702,000 Arkansas Little Rock
83%
904,000 Nebraska Omaha
83%
1,105,000 Alabama Birmingham
82%
722,000 Iowa Des Moines
82%
1,109,000 Connecticut Hartford
81%
905,000 Oklahoma Tulsa
81%
925,000 Arizona Tucson
80%
850,000 Texas El Paso
79%
759,000 Colorado Colorado Springs
78%
1,784,000 Virginia Virginia Beach
78%
1,105,000 California Fresno
70%
955,000 New York Rochester
68%
1,020,000 Michigan Grand Rapids
63%
890,000 California Bakersfield
56%
No matching quizzes found
Score Distribution
Percent of People with Each Score
Percentile by Number Answered
Your Score History
You have not taken this quiz